000
00289nam a2200109Ia 4500
008
220204s9999 xx 000 0 und d
082
_a
621.38(035)
_b
TUR
100
_a
Turner, L W
245
0
_a
Electronic engineers reference book
260
_a
London
_b
Newnes Butterworth
_c
1976
942
_c
BK
999
_c
27089
_d
27089